| 000 | 00729nam a22001815i 4500 | ||
|---|---|---|---|
| 001 | 153017 | ||
| 003 | ES-MaACL | ||
| 005 | 20251213063020.0 | ||
| 008 | 041026s1890 po |||| | por d | ||
| 040 |
_aCAM _bspa _cCAM |
||
| 100 | 1 |
_aCastro, Joaquim Pereira Pimenta de _9126396 |
|
| 245 | 1 | 2 |
_aA mais racional e mais pratica solução do problema eleitoral com um projeto de lei aplicavel a todas as nações / _cpor Joaquim Pereira Pimenta de Castro. |
| 260 |
_aLisboa : _b[s.n.], _c1890 ( _fTypographia Belenense) |
||
| 300 |
_a47 p. ; _c22 cm. |
||
| 650 | 4 |
_aElecciones. _912139 |
|
| 852 |
_aES-MaACL _jT-572-F-4 _z-- Enc. hol. conservando la cub. original _z-- Enc. en un vol. facticio |
||
| 999 |
_c153017 _d153017 |
||